• 首页
  • 本馆介绍
  • 公告通知
  • 最新文献
  • 馆藏检索
  • 电子资源
  • 读者导购
  • 参考咨询
  • 我的图书馆
  • 登录
  • 详细信息显示
  • 放入我的书架
  • 预约/预借图书
  • 作者相关作品
  • 分类相关作品
  • 丛书相关作品
  • 出版社相关作品

书目信息

  • 表格格式
  • 工作单格式
  • 卡片格式
题名:
侵权责任法案解
    
 
作者: 杨文杰 编
分册:  
出版信息: 北京   中国书籍出版社  2013.1
页数: 259页
开本: 26cm
丛书名:
单 册:
中图分类: D923.05
科图分类:
主题词: 侵权行为--民法--法律解释--中国
电子资源:
ISBN: 978-7-5068-3258-8
000 00882nam0 2200229 45
001 311967
005 20130606155815.89
010    @a978-7-5068-3258-8@dCNY52.00
100    @a20130606d2013 ekmy0chiy0121 ea
101 0  @achi
102    @aCN@b110000
105    @ay z 000yy
106    @ar
200 1  @a侵权责任法案解@AQin Quan Ze Ren Fa An Jie@f杨文杰编@FYang Wen Jie Bian
210    @a北京@c中国书籍出版社@d2013.1
215    @a259页@d26cm
330    @a本书采取法律解释学的研究方法,以《侵权责任法》为主要研究对象,紧紧围绕侵权责任法的基本问题展开全书的内容。内容涵盖了该法的全部内容,比较系统地介绍了该法的基本概念和基本理论问题,对学界研究《侵权责任法》的有关争鸣问题也进行了适当介绍和评析。
606 0  @a侵权行为@x民法@x法律解释@y中国
690    @aD923.05@v5
701  0 @a杨文杰@AYang Wen Jie@4编
801    @aCN@bTANGWEI@c20130605
905    @b0836237-39@dD923.05@e1003@f3
    
    侵权责任法案解/杨文杰编.-北京:中国书籍出版社,2013.1
    259页;26cm
    
    
    ISBN 978-7-5068-3258-8:CNY52.00
    本书采取法律解释学的研究方法,以《侵权责任法》为主要研究对象,紧紧围绕侵权责任法的基本问题展开全书的内容。内容涵盖了该法的全部内容,比较系统地介绍了该法的基本概念和基本理论问题,对学界研究《侵权责任法》的有关争鸣问题也进行了适当介绍和评析。
●
相关链接 在E读中查询图书 在五车中查询图书 在当当中查询图书 在豆瓣中查询图书


正题名:侵权责任法案解     索取号:D923.05/1003         预约/预借

序号 登录号 条形码 馆藏地/架位号 状态 备注
1 0836237   208362378   第一样本阅览室/ [索取号:D923.05/1003] 在馆    
2 0836238   208362387   密集书库-史法系/ [索取号:D923.05/1003] 在馆    
3 0836239   208362396   第一借阅区/ [索取号:D923.05/1003] 在馆    
唐山师范学院图书馆 欢迎您!
大连网信软件有限公司© 版权所有